| 000 | 00788nam a2200205 i 4500 | ||
|---|---|---|---|
| 001 | 41656 | ||
| 003 | ES-MaACL | ||
| 005 | 20230906160453.0 | ||
| 007 | t| | ||
| 008 | 030311s1916 sp ||||1| spa d | ||
| 100 | 1 |
_aCasso y Fernández, Francisco de. _936370 |
|
| 245 | 1 | 0 |
_aDiscurso leído en la apertura de los estudios del año académico de 1916 a 1917 / _cpor el Dr. D. Francisco de Casso y Fernández. |
| 260 |
_aZaragoza : _b[s.n.], _c1916. |
||
| 300 |
_a79 p. ; _c31 cm. |
||
| 594 | _aPrecede al título: Universidad Literaria de Zaragoza. | ||
| 594 | _aTítulo del discurso: De Cervantes y de su obra literaria. | ||
| 600 | 1 | 4 |
_aCervantes Saavedra, Miguel de, _d1547-1616- _xCrítica e interpretación _937602 |
| 852 |
_aES-MaACL _j1536-F-8 |
||
| 999 |
_c41656 _d41656 |
||